Strategic Plan (Record no. 649)

MARC details
000 -LEADER
fixed length control field 00314nam a22001097a 4500
008 - FIXED-LENGTH DATA ELEMENTS--GENERAL INFORMATION
fixed length control field 230606b xxu||||| |||| 00| 0 eng d
082 ## - DEWEY DECIMAL CLASSIFICATION NUMBER
Classification number 333.967621
Item number GOK
245 ## - TITLE STATEMENT
Title Strategic Plan
Remainder of title 2008-2012
Statement of responsibility, etc. Government of Kenya
260 ## - PUBLICATION, DISTRIBUTION, ETC. (IMPRINT)
Place of publication, distribution, etc. Kenya
Name of publisher, distributor, etc. Ministry of East African Community
Date of publication, distribution, etc. July 2009
300 ## - PHYSICAL DESCRIPTION
Extent 76 p
942 ## - ADDED ENTRY ELEMENTS (KOHA)
Source of classification or shelving scheme Dewey Decimal Classification
Koha item type Books
Holdings
Withdrawn status Lost status Source of classification or shelving scheme Damaged status Not for loan Home library Current library Date acquired Total Checkouts Full call number Barcode Date last seen Price effective from Koha item type
    Dewey Decimal Classification     Bunge Tower Library Bunge Tower Library 06/06/2023   333.967621 GOK 10015491 06/06/2023 06/06/2023 Books
    Dewey Decimal Classification     Bunge Tower Library Bunge Tower Library 06/06/2023   333.967621 GOK 10015492 06/06/2023 06/06/2023 Books
LIBRARY OPENING HOURS

When the Parliament is sitting: 8.00a.m - 7.00p.m or until the house adjourns
Mondays and Fridays and when the House is on Recess:  8.00a.m - 5.00p.m
Closed on Weekends and Public Holidays

Online Public Access Catalog (OPAC)
Website: http://www.parliament.go.ke
Bunge Library: https://libraryir.parliament.go.ke
Contact: library@parliament.go.ke | Tel no: (254-2)2221291 or 2848000 Ext 5043